Nederlandse minister-presidenten - Statistieken

Algemene statistieken
  • Deze quiz is 125 keer genomen
  • De gemiddelde score is 8 van 16
Antwoordstatistieken
Periode Partij President % Correct
2010-present VVD Rutte
99%
2002-2010 CDA Balkenende
93%
1994-2002 PvdA Kok
85%
1982-1994 CDA Lubbers
79%
1977-1982 CDA Van Agt
66%
1973-1977 PvdA Den Uyl
65%
1948-1958 PvdA Drees
61%
1967-1971 KVP De Jong
46%
1971-1973 ARP Biesheuvel
40%
1966-1967 ARP Zijlstra
28%
1945-1946 VDB/PvdA Schermerhorn
25%
1959-1963 KVP De Quay
23%
1958-1959 KVP Beel
21%
1946-1948 KVP Beel
21%
1963-1965 KVP Marijnen
20%
1965-1966 KVP Cals
16%
Geen overeenkomende quizzen gevonden
Scoreverdeling
Procent van Mensen met Elke Score
Percentiel versus Aantal Correcte Antwoorden
Uw Scoregeschiedenis
U heeft deze quiz nog niet genomen